000
00330nam a2200145Ia 4500
100
_a
Mellor/Stephe J
942
_c
BK
654
_a
uml
245
_a
Executable UML: A foundation for Model driven architecture
260
_b
Pearson Education
_c
2002
082
_a
5.45
_b
MEL
300
_a
368
546
_a
ENGLISH
999
_c
32105
_d
32105